000
002440000a22001090004500
082
0
4
_a
CD 093
245
1
0
_a
Técnicas de la motivación infantil / Samira Thoumi
260
_a
Bogotá : Gamma
650
1
4
_a
Motivación
001
1717
942
_c
LGB
999
_c
48875
_d
48875